Lettres les plus utilisées de l'alphabet - Erreurs éliminatoires - Statistiques

Statistiques générales
  • Ce quiz a été pris 89 669 fois
  • Le résultat moyen est 8 sur 10
Statistiques - réponses
% Lettre % Correct
7.11 A
99%
12.1 E
97%
6.59 I
89%
5.01 O
88%
4.49 U
81%
4.96 L
72%
6.51 S
66%
5.92 T
62%
6.07 R
61%
6.39 N
57%
Aucun quiz correspondant
Distribution des résultats
% des personnes avec chaque résultat
Percentile par nombre de réponses
Votre historique - résultats
Vous n’avez pas pris ce quiz